Chest X-ray: Made Easy (Record no. 3298)

MARC details
000 -LEADER
fixed length control field 00533nam a22002057a 4500
003 - CONTROL NUMBER IDENTIFIER
control field OSt
005 - DATE AND TIME OF LATEST TRANSACTION
control field 20160323141717.0
008 - FIXED-LENGTH DATA ELEMENTS--GENERAL INFORMATION
fixed length control field 160323b xxu||||| |||| 00| 0 eng d
020 ## - INTERNATIONAL STANDARD BOOK NUMBER
International Standard Book Number 9780443067358
040 ## - CATALOGING SOURCE
Transcribing agency DNLM
082 ## - DEWEY DECIMAL CLASSIFICATION NUMBER
Classification number WN200 C813c 2010
100 ## - MAIN ENTRY--PERSONAL NAME
Personal name Corne, Jonathan; Pointon, Kate
9 (RLIN) 7391
245 ## - TITLE STATEMENT
Title Chest X-ray: Made Easy
260 ## - PUBLICATION, DISTRIBUTION, ETC. (IMPRINT)
Place of publication, distribution, etc. Edinburgh; Churchill, 2010
300 ## - PHYSICAL DESCRIPTION
Extent xiii,169p; ill: 19cm
504 ## - BIBLIOGRAPHY, ETC. NOTE
Bibliography, etc Index included
650 ## - SUBJECT ADDED ENTRY--TOPICAL TERM
Topical term or geographic name as entry element X-ray
9 (RLIN) 7392
650 ## - SUBJECT ADDED ENTRY--TOPICAL TERM
Topical term or geographic name as entry element Chest examination
9 (RLIN) 7393
942 ## - ADDED ENTRY ELEMENTS (KOHA)
Source of classification or shelving scheme Other/Generic Classification Scheme
Koha item type Open Shelf
Holdings
Withdrawn status Lost status Source of classification or shelving scheme Damaged status Not for loan Home library Current library Date acquired Source of acquisition Inventory number Total Checkouts Total Renewals Full call number Barcode Date last seen Date last checked out Koha item type
    Other/Generic Classification Scheme     MUST Main Library MUST Main Library 23/03/2016   14/37997 2 1 WN200 C813c 2010 2016-0496 24/01/2022 08/09/2021 Open Shelf